| 000 | 00370nam a2200121Ia 4500 | ||
|---|---|---|---|
| 005 | 20260326235506.0 | ||
| 008 | 260326s9999||||xx |||||||||||||| ||und|| | ||
| 100 | _aIndustries Fracaises de'l Ameublement | ||
| 245 | 0 |
_aMeubles d'en France : _b French furniture industry / _cIndustries Fracaises de'l Ameublement |
|
| 260 | _bVIA | ||
| 650 | _aDISEÑO INDUSTRIAL | ||
| 942 | _cBK | ||
| 999 |
_c8193 _d8193 |
||